Normal view
MARC view
- Durán Rodríguez, Rodrigo Alberto
Entry Nombre Personal
001 - NUMERO DE CONTROL
- campo de control: 50018
003 - IDENTIFICADOR DE NUMERO DE CONTROL
- campo de control: UPN
005 - FECHA Y HORA DE LA ÜLTIMA TRANSACCIÓN
- campo de control: 20230919103459.0
008 - DATOS DE LONGITUD FIJA
- campo de control de longitud fija: 230919|| acn||aabn | a|a d
040 ## - FUENTE DE CATALOGACIÓN
- Agencia original de catalogación: MX-MxUPN
100 ## - ENCABEZAMIENTO - NOMBRE PERSONAL
- Nombre personal: Durán Rodríguez, Rodrigo Alberto
370 ## - LUGAR ASOCIADO
- Associated country: España
373 ## - GRUPO ASOCIADO
- Associated group: Universidad Politécnica de Cataluña
